000 00512nam a2200169 4500
001 132610
003 ES-MaACL
005 20231212062538.0
007 t|
008 070214s1966 sp r ||||1| spa d
245 0 0 _aRomances de ciego
_b: (antología) /
_crecopilación y estudio preliminar de Julio Caro Baroja.
260 _aMadrid :
_bTaurus,
_c1966.
300 _a414 p. ;
_c18 cm.
700 1 _aCaro Baroja, Julio,
_d1914-1995
_935403
852 _aES-MaACL
_jC-31361
_bR.70185
999 _c132610
_d132610